[Event "Leamington Spa 4NCL op-B 28th"]
[Site "Leamington Spa"]
[Date "2022.07.10"]
[Round "5"]
[White "Bowman, Richard L"]
[Black "Timbrell, Matthew"]
[Result "1/2-1/2"]
[WhiteElo "1893"]
[BlackElo "1709"]
[PlyCount "58"]
[EventDate "2022.07.08"]
[EventType "swiss"]
[EventRounds "5"]
[EventCountry "ENG"]
[SourceTitle "CBM 209 Extra"]
[Source "ChessBase"]
[SourceDate "2022.09.30"]
[SourceVersion "1"]
[SourceVersionDate "2022.09.30"]
[SourceQuality "1"]

1. d4 d5 2. e3 Nf6 3. Bd3 e6 4. Nd2 c5 5. c3 Nc6 6. f4 Be7 7. Qe2 b6 8. Ngf3 Bb7 9. 0-0 0-0 10. Ne5 c4 11. Bc2 b5 12. Qf3 b4 13. g4 g6 14. Qh3 bxc3 15. bxc3 Nxe5 16. fxe5 Nd7 17. e4 Qa5 18. exd5 Bxd5 19. Be4 Ba3 20. Bxd5 exd5 21. g5 Bxc1 22. Rfxc1 Qd8 23. Qh4 Re8 24. Qf4 Nf8 25. h4 Ne6 26. Qf2 Ng7 27. Nf1 Nf5 28. Rab1 Rb8 29. Ne3 Nxe3 1/2-1/2

[Event "Leamington Spa 4NCL op-B 28th"]
[Site "Leamington Spa"]
[Date "2022.07.10"]
[Round "4"]
[White "Nilsson, Adam1111"]
[Black "Bowman, Richard L"]
[Result "1-0"]
[WhiteElo "1766"]
[BlackElo "1893"]
[PlyCount "79"]
[EventDate "2022.07.08"]
[EventType "swiss"]
[EventRounds "5"]
[EventCountry "ENG"]
[SourceTitle "CBM 209 Extra"]
[Source "ChessBase"]
[SourceDate "2022.09.30"]
[SourceVersion "1"]
[SourceVersionDate "2022.09.30"]
[SourceQuality "1"]

1. Nf3 c6 2. d4 d5 3. Bf4 Qb6 4. Qc1 Nf6 5. e3 Bf5 6. Nbd2 Nbd7 7. c4 e6 8. c5 Qa5 9. a3 a6 10. b4 Qd8 11. Be2 Nh5 12. Ne5 Nxe5 13. Bxe5 Nf6 14. 0-0 Be7 15. a4 h5 16. h3 g5 17. Qa3 Rh6 18. b5 Nd7 19. bxc6 bxc6 20. Bg3 g4 21. Kh2 Bf6 22. Bd3 h4 23. Bf4 Bg5 24. Bxf5 exf5 25. Rab1 Bxf4+ 26. exf4 Qc7 27. Rfe1+ Kf8 28. Kh1 Qxf4 29. Qe3 Qxe3 30. Rxe3 f4 31. Re2 g3 32. Nf3 Nf6 33. fxg3 Ne4 34. Reb2 fxg3 35. Ne5 Kg7 36. Rb6 Rf6 37. Rxc6 Rf2 38. Nf3 Nc3 39. Re1 Ne4 40. Nxh4 1-0

[Event "GBR-ch U1900 op 105th"]
[Site "Hull"]
[Date "2018.08.03"]
[Round "5"]
[White "O'Gorman, Brendan"]
[Black "Bowman, Richard L"]
[Result "1-0"]
[WhiteElo "1734"]
[BlackElo "1822"]
[PlyCount "46"]
[EventDate "2018.07.30"]
[EventType "swiss"]
[EventRounds "5"]
[EventCountry "ENG"]
[SourceTitle "EXT 2021"]
[Source "ChessBase"]
[SourceDate "2020.10.23"]
[SourceVersion "1"]
[SourceVersionDate "2020.10.23"]
[SourceQuality "1"]

1. Nf3 g6 2. c4 c5 3. e4 Bg7 4. d4 cxd4 5. Nxd4 Nc6 6. Be3 Qa5+ 7. Nc3 Nf6 8. Nb3 Qd8 9. Be2 d6 10. 0-0 h5 11. f3 Ne5 12. Rc1 b6 13. Nd4 Bb7 14. Qd2 h4 15. Nd5 e6 16. Nxf6+ Bxf6 17. f4 Nc6 18. Nb5 Be7 19. Rcd1 d5 20. cxd5 exd5 21. exd5 Bb4 22. Qc2 Qe7 23. Rf3 Qxe3+ 1-0

[Event "Telford 4NCL op-B 19th"]
[Site "Telford"]
[Date "2018.07.14"]
[Round "2"]
[White "Shepley, Julien M"]
[Black "Bowman, Richard L"]
[Result "1-0"]
[WhiteElo "1974"]
[BlackElo "1822"]
[PlyCount "143"]
[EventDate "2018.07.13"]
[EventType "swiss"]
[EventRounds "5"]
[EventCountry "ENG"]
[SourceTitle "EXT 2019"]
[Source "ChessBase"]
[SourceDate "2018.10.10"]
[SourceVersion "1"]
[SourceVersionDate "2018.10.10"]
[SourceQuality "1"]

1. d4 g6 2. e4 Bg7 3. Nc3 c5 4. Nf3 Qa5 5. Be3 Nf6 6. Qd2 cxd4 7. Nxd4 a6 8. f3 Nc6 9. Nb3 Qc7 10. 0-0-0 b5 11. Kb1 d6 12. Bh6 0-0 13. h4 Ne5 14. h5 Nc4 15. Bxc4 bxc4 16. Nd4 Rb8 17. Bxg7 Kxg7 18. hxg6 fxg6 19. Qh6+ Kf7 20. Nd5 Qb7 21. b3 Rh8 22. Nxf6 Kxf6 23. Nf5 Bxf5 24. exf5 cxb3 25. cxb3 Qd7 26. Qh4+ Kf7 27. Qc4+ Kg7 28. Qd4+ Kf7 29. Qd5+ Kg7 30. fxg6 Kxg6 31. Qh5+ Kf6 32. Rd4 Qf5+ 33. Kb2 Qxh5 34. Rxh5 Kg6 35. Ra5 Rb6 36. Rda4 Ra8 37. Rg4+ Kf6 38. Rh5 Rb5 39. Rxh7 Rd5 40. Rgg7 Ra7 41. g4 Rc7 42. f4 Rd2+ 43. Ka3 Rcc2 44. Rf7+ Ke6 45. Rxe7+ Kd5 46. Rh5+ Kd4 47. Re6 d5 48. Kb4 a5+ 49. Kxa5 Rxa2+ 50. Kb4 Ra7 51. Rb6 Ke4 52. Rf5 Rc7 53. Rff6 Rd4+ 54. Kb5 Rd3 55. b4 Rg3 56. g5 Rg4 57. g6 d4 58. Rbe6+ Kd3 59. f5 Rf4 60. Kb6 Rg7 61. Re5 Kc3 62. b5 d3 63. Rc5+ Kd2 64. Rf7 Rg8 65. g7 Ke2 66. Re5+ Kf3 67. Rd5 Ke2 68. f6 d2 69. Rf8 Rxf6+ 70. Rxf6 Rxg7 71. Re6+ Kd1 72. Red6 1-0

[Event "World Amateur-ch U2000"]
[Site "Cagliari"]
[Date "2018.04.25"]
[Round "5"]
[White "Bowman, Richard L"]
[Black "Flis, Pawel"]
[Result "1-0"]
[WhiteElo "1802"]
[BlackElo "1961"]
[PlyCount "67"]
[EventDate "2018.04.22"]
[EventType "swiss"]
[EventRounds "9"]
[EventCountry "ITA"]
[SourceTitle "CBM 184 Extra"]
[Source "ChessBase"]
[SourceDate "2018.06.28"]
[SourceVersion "1"]
[SourceVersionDate "2018.06.28"]
[SourceQuality "1"]

1. d4 Nf6 2. Bg5 d5 3. Bxf6 exf6 4. e3 Bd6 5. Nd2 0-0 6. g3 Bf5 7. Bg2 c6 8. Ne2 Qd7 9. c4 dxc4 10. Nxc4 Bb4+ 11. Nd2 Re8 12. a3 Bd6 13. Rc1 Bh3 14. 0-0 Bxg2 15. Kxg2 f5 16. Nc4 Bc7 17. Ng1 Qe6 18. Nf3 Nd7 19. Ng5 Qg6 20. Nh3 Rad8 21. Qf3 Nf6 22. Nf4 Qh6 23. Nd3 Rd5 24. b4 Ne4 25. Qd1 g5 26. Nd2 Nf6 27. Rc5 Ng4 28. h3 Rxe3 29. hxg4 Rxd3 30. Rxd5 cxd5 31. Qc2 Rxd4 32. Qxc7 Rxd2 33. Qc8+ Kg7 34. Qc3+ 1-0

[Event "Harrogate 4NCL op-A 17th"]
[Site "Harrogate"]
[Date "2018.01.19"]
[Round "1"]
[White "Bowman, Richard L"]
[Black "Burnett, Jim"]
[Result "0-1"]
[WhiteElo "1765"]
[BlackElo "2103"]
[PlyCount "64"]
[EventDate "2018.01.19"]
[EventType "swiss"]
[EventRounds "5"]
[EventCountry "ENG"]
[SourceTitle "CBM 182 Extra"]
[Source "ChessBase"]
[SourceDate "2018.02.23"]
[SourceVersion "1"]
[SourceVersionDate "2018.02.23"]
[SourceQuality "1"]

1. d4 d5 2. Nf3 e6 3. e3 Nf6 4. Bd3 Be7 5. Ne5 0-0 6. Nd2 c5 7. c3 Qc7 8. f4 b6 9. 0-0 Ba6 10. Qe2 Bxd3 11. Qxd3 Nc6 12. Rf3 a6 13. Rh3 g6 14. b3 b5 15. Bb2 Rac8 16. Re1 Rfd8 17. Rg3 Ne4 18. Rh3 Nxe5 19. fxe5 c4 20. bxc4 bxc4 21. Qc2 Nxd2 22. Qxd2 Rb8 23. Qf2 Rf8 24. e4 dxe4 25. Rxe4 Qb7 26. Re2 f5 27. Rf3 Qd5 28. h3 Rb5 29. Kh2 Rfb8 30. Bc1 Rb1 31. Rb2 R8xb2 32. Bxb2 Qb5 0-1

[Event "Harrogate 4NCL op-B 12th"]
[Site "Harrogate"]
[Date "2017.01.07"]
[Round "3"]
[White "Robinson, Brian"]
[Black "Bowman, Richard L"]
[Result "0-1"]
[WhiteElo "1565"]
[BlackElo "1817"]
[PlyCount "74"]
[EventDate "2017.01.06"]
[EventType "swiss"]
[EventRounds "5"]
[EventCountry "ENG"]
[SourceTitle "CBM 176 Extra"]
[Source "ChessBase"]
[SourceDate "2017.03.02"]
[SourceVersion "1"]
[SourceVersionDate "2017.03.02"]
[SourceQuality "1"]

1. d4 d6 2. e4 Nf6 3. Nc3 Nbd7 4. Nf3 e5 5. Bc4 Be7 6. 0-0 h6 7. Be3 c6 8. a4 a5 9. d5 c5 10. h3 g5 11. Nh2 Nf8 12. Bb5+ Bd7 13. Ng4 Ng6 14. Nxf6+ Bxf6 15. Be2 Nf4 16. Bg4 h5 17. Bxd7+ Qxd7 18. Bxf4 gxf4 19. Qe2 Ke7 20. Kh2 Rag8 21. Qf3 Rg4 22. Rg1 Rh4 23. Ne2 Rg4 24. Nc3 Rh4 25. Rad1 Rg8 26. b3 Rgg4 27. Ne2 Bg5 28. c4 b6 29. Nc3 Rg3 30. fxg3 fxg3+ 31. Kxg3 Rf4 32. Qxh5 Bf6 33. Rdf1 Qd8 34. Rxf4 exf4+ 35. Kxf4 Bxc3 36. Rf1 Ke8 37. Qg5 Bd2+ 0-1

[Event "Gatwick e2e4 Major op"]
[Site "Gatwick"]
[Date "2013.10.29"]
[Round "7"]
[White "Bowman, Richard L"]
[Black "Campbell, Eoin S"]
[Result "1/2-1/2"]
[WhiteElo "1968"]
[BlackElo "1836"]
[PlyCount "20"]
[EventDate "2013.10.26"]
[EventType "swiss"]
[EventRounds "9"]
[EventCountry "ENG"]
[SourceTitle "EXT 2015"]
[Source "ChessBase"]
[SourceDate "2014.11.20"]
[SourceVersion "1"]
[SourceVersionDate "2014.11.20"]
[SourceQuality "1"]

1. d4 Nf6 2. c4 g6 3. Nc3 d5 4. Bg5 Bg7 5. Bxf6 Bxf6 6. cxd5 c5 7. Nf3 Qb6 8. Qc1 cxd4 9. Nb5 Na6 10. e3 Qa5+ 1/2-1/2